<?xml version="1.0" encoding="UTF-8"?>
<collection xmlns="http://www.loc.gov/MARC21/slim">
    <record>
        <controlfield tag="001">97729</controlfield>
        <controlfield tag="005">20210118122854.0</controlfield>
        <datafield tag="037" ind1=" " ind2=" ">
            <subfield code="a">TAZ-TFG-2020-4724</subfield>
        </datafield>
        <datafield tag="041" ind1=" " ind2=" ">
            <subfield code="a">spa</subfield>
        </datafield>
        <datafield tag="100" ind1="1" ind2=" ">
            <subfield code="a">Peiró Márquez, Laura</subfield>
        </datafield>
        <datafield tag="242" ind1="0" ind2="0">
            <subfield code="a">Gesture and motion events: a multimodal study of Aragonese Spanish.</subfield>
        </datafield>
        <datafield tag="245" ind1="0" ind2="0">
            <subfield code="a">Gestualidad y eventos de movimiento: estudio multimodal del español de Aragón.</subfield>
        </datafield>
        <datafield tag="260" ind1=" " ind2=" ">
            <subfield code="a">Zaragoza</subfield>
            <subfield code="b">Universidad de Zaragoza</subfield>
            <subfield code="c">2020</subfield>
        </datafield>
        <datafield tag="506" ind1=" " ind2=" ">
            <subfield code="a">by-nc-sa</subfield>
            <subfield code="b">Creative Commons</subfield>
            <subfield code="c">3.0</subfield>
            <subfield code="u">http://creativecommons.org/licenses/by-nc-sa/3.0/</subfield>
        </datafield>
        <datafield tag="520" ind1=" " ind2=" ">
            <subfield code="a">La conceptualización del movimiento en el canal hablado se ha estudiado tradicionalmente a partir de la tipología de patrones de lexicalización de Talmy (1985) y el pensar para hablar de Slobin (1991), mientras que publicaciones más recientes han ampliado el estudio de los eventos de movimiento desde una perspectiva multimodal, incluyendo el análisis de la gestualidad que co ocurre con el habla (Kita y Özyürek, 2003; McNeill, 2000a, 2009; Özyürek et al., 2008). Este trabajo se centra en la expresión del movimiento en el español de Aragón con el doble objetivo de caracterizar la producción multimodal de los eventos de movimiento en esta variedad del español y de constatar la pertinencia y necesidad del análisis de la gestualidad en este campo de investigación. Para ello, se ha realizado un estudio empírico con doce hablantes adultos nativos de español de Aragón, siguiendo el procedimiento de Kita y Özyürek (2003) y elicitando los datos a partir de la herramienta Tomato Man (Özyürek, Kita y Allen, 2001). Los resultados, obtenidos de un método de análisis mixto cualitativo y cuantitativo, confirman el aporte significativo de información en la gestualidad respecto al habla y ratifican las características de codificación de los componentes de Camino y Manera propuestas para esta variedad del español en las dos modalidades.&lt;br />&lt;br /></subfield>
        </datafield>
        <datafield tag="521" ind1=" " ind2=" ">
            <subfield code="a">Graduado en Filología Hispánica</subfield>
        </datafield>
        <datafield tag="540" ind1=" " ind2=" ">
            <subfield code="a">Derechos regulados por licencia Creative Commons</subfield>
        </datafield>
        <datafield tag="700" ind1=" " ind2=" ">
            <subfield code="a">Ibarretxe Antuñano, Iraide</subfield>
            <subfield code="e">dir.</subfield>
        </datafield>
        <datafield tag="710" ind1="2" ind2=" ">
            <subfield code="a">Universidad de Zaragoza</subfield>
            <subfield code="b">Lingüística General e Hispánica</subfield>
            <subfield code="c">Lingüística General</subfield>
        </datafield>
        <datafield tag="856" ind1="0" ind2=" ">
            <subfield code="f">681097@unizar.es</subfield>
        </datafield>
        <datafield tag="856" ind1="4" ind2=" ">
            <subfield code="s">1148294</subfield>
            <subfield code="u">http://zaguan.unizar.es/record/97729/files/TAZ-TFG-2020-4724.pdf</subfield>
            <subfield code="y">Memoria (spa)</subfield>
        </datafield>
        <datafield tag="909" ind1="C" ind2="O">
            <subfield code="o">oai:zaguan.unizar.es:97729</subfield>
            <subfield code="p">driver</subfield>
            <subfield code="p">trabajos-fin-grado</subfield>
        </datafield>
        <datafield tag="950" ind1=" " ind2=" ">
            <subfield code="a"></subfield>
        </datafield>
        <datafield tag="951" ind1=" " ind2=" ">
            <subfield code="a">deposita:2021-01-18</subfield>
        </datafield>
        <datafield tag="980" ind1=" " ind2=" ">
            <subfield code="a">TAZ</subfield>
            <subfield code="b">TFG</subfield>
            <subfield code="c">FFYL</subfield>
        </datafield>
        <datafield tag="999" ind1=" " ind2=" ">
            <subfield code="a">20201113183834.CREATION_DATE</subfield>
        </datafield>
    </record>

    
</collection>